000 00966cgm a2200289 4500
001 J92228
008 090401t1998 xxu||||| |||| 00| 0 eng d
035 _a(Sirsi) u86741
041 _aeng
050 _a346.4104344
100 _aGillett, Alan
245 _aRent reviews 1998: jaw jaw or war war (sound recording).
260 _aLondon
_bRICS
_c1998
300 _a1 sound cassette (60 min.)
350 _a14.1
490 _aOwlion Audio Programme
520 _aExamines the recent law and practice of rent reviews; upward and downward reviews; frustrating downward reviews; the effect of arbitration; valuation issues and civil evidence.
650 _aAUDIO CASSETTES
650 _aRENT REVIEWS
690 _aLandlord and tenant
_96252
700 _aEden, Nicholas
700 _aRickard, Jennifer
710 _aRoyal Institution of Chartered Surveyors
_94900
710 _aCollege of Estate Management
_9400
942 _n0
948 _c09/06/1998
999 _c85364
_d85364